Faculty of Law Library — Cairo University

Official Online Catalog

Diplomacy And The Study Of International Relations / (Record no. 55307)

MARC details
000 -LEADER
fixed length control field 01014nam a22003137i 4500
003 - CONTROL NUMBER IDENTIFIER
control field EG-GICUC
005 - DATE AND TIME OF LATEST TRANSACTION
control field 20260121101659.0
008 - FIXED-LENGTH DATA ELEMENTS--GENERAL INFORMATION
fixed length control field 260107s1906 uk ||||fr|||| 001 0 eng d
040 ## - CATALOGING SOURCE
Original cataloging agency EG-GiCUC
Language of cataloging eng
Transcribing agency EG-GiCUC
Modifying agency EG-GiCUC
Description conventions rda
041 ## - LANGUAGE CODE
Language code of text/sound track or separate title eng
082 04 - DEWEY DECIMAL CLASSIFICATION NUMBER
Edition number 21
Classification number 341.33
Item number HE . D
092 04 - LOCALLY ASSIGNED DEWEY CALL NUMBER (OCLC)
Edition number 21
099 ## - LOCAL FREE-TEXT CALL NUMBER (OCLC)
Classification number Law1 11 341.33 HE . D 1919
100 1# - MAIN ENTRY--PERSONAL NAME
Personal name Hershey, Amos S.,
Relator term Author.
245 10 - TITLE STATEMENT
Title Diplomacy And The Study Of International Relations /
Statement of responsibility, etc. By D. P. Heatley.
264 #1 - PRODUCTION, PUBLICATION, DISTRIBUTION, MANUFACTURE, AND COPYRIGHT NOTICE
Place of production, publication, distribution, manufacture Oxford :
Name of producer, publisher, distributor, manufacturer Clarendon Press,
Date of production, publication, distribution, manufacture, or copyright notice 1919.
300 ## - PHYSICAL DESCRIPTION
Extent xvi, 292 pages ;
Dimensions 24 cm.
336 ## - CONTENT TYPE
Source rda content
Content type term text
337 ## - MEDIA TYPE
Source rda media
Media type term Computer
338 ## - CARRIER TYPE
Source rda carrier
Carrier type term Online Resource
504 ## - BIBLIOGRAPHY, ETC. NOTE
Bibliography, etc. note Includes bibliographical references and index
546 ## - LANGUAGE NOTE
Language note Text in English
650 14 - SUBJECT ADDED ENTRY--TOPICAL TERM
Topical term or geographic name entry element Diplomacy
General subdivision Public international law
650 14 - SUBJECT ADDED ENTRY--TOPICAL TERM
Topical term or geographic name entry element International relations
General subdivision Study and teaching
651 1# - SUBJECT ADDED ENTRY--GEOGRAPHIC NAME
Source of heading or term qrmak
856 40 - ELECTRONIC LOCATION AND ACCESS
Uniform Resource Identifier <a href="https://fll.law.cu.edu.eg/fulltext/bks/B11-06839.pdf">https://fll.law.cu.edu.eg/fulltext/bks/B11-06839.pdf</a>
905 ## - Cataloger and Reviser Names
Cataloger Name: Rawan khaled
942 ## - ADDED ENTRY ELEMENTS (KOHA)
Source of classification or shelving scheme Dewey Decimal Classification
Koha item type Books
Edition 21
Suppress in OPAC No
Holdings
Withdrawn status Lost status Source of classification or shelving scheme Damaged status Not for loan Collection Home library Current library Date acquired Total checkouts Full call number Barcode Date last seen Copy number Price effective from Koha item type
    Dewey Decimal Classification   Not for loan القانون الدولي العام جــــامعة القــاهرة مكتبة كلية الحقوق - المبنى الرئيسي 07.01.2026   Law1 11 341.33 HE . D 1919 1106839 C1 B11-06839 07.01.2026 1 07.01.2026 Books

© All rights reserved — Faculty of Law, Cairo University